العرقية إزاء العلم / (Record no. 15873)

MARC details
000 -الفاتح
حقل البيانات ثابتة الطول 01079nam a22002537i 4500
003 - محدد رقم الضبط
رقم الضبط EG-ScBUE
005 - وقت وتاريخ اخر تعامل مع التسجيلة
رقم الضبط 20260513083520.0
008 - عناصر البيانات ثابتة الطول - معلومات عامة
حقل البيانات ثابتة الطول 110818m19001999le fr 00000 ara dd
040 ## - مصدر الفهرسة
وكالة الفهرسة الأصلية EG-ScBUE
لغة الفهرسة ara
قواعد الوصف rda
وكالة النسخ EG-ScBUE
وكالة التعديل EG-ScBUE
082 04 - رقم تصنيف ديوى العشرى
رقم التصنيف 572
رقم المادة ي و ن
رقم الطبعة 22
110 2# - المدخل الرئيسى - إسم هيئة
9 (RLIN) 29683
اسم الهيئة أو اسم السلطة كمدخل اليونسكو،
الدور مؤلف.
245 12 - بيان العنوان
العنوان العرقية إزاء العلم /
بيان المسئوليه,etc أونسكو.
264 #1 - النشر، التوزيع
مكان الناشر او الموزع بيروت :
اسم الناشر او الموزع دار الثقافة،
تاريخ النشر أو التوزيع [1900-1999]
300 ## - الوصف المادى
التعداد 256 صفحة ؛
أبعاد الوعاء 24 سم
336 ## - نوع المحتوى
source rdacontent
Carrier Type Term نص
Content Type Code txt
337 ## - نوع الوسيط
Media Type Term بدون وسيط
source rdamedia
Media Type Code n
338 ## - نوع الحامل أو الناقل
Carrier Type Term مجلد
Carrier Type Code nc
source rdacarrier
500 ## - تبصرة عامة
تبصرة عامة عهدت منظمة الأونسكو الي اللجنة الوطنية اللبنانية للتربية والعلم والثقافة بتعريب هذه الدراسات ونشرها فتولي الترجمة المحامي انطوان بطرس خوري.
650 #7 - المدخل الاضافى بالموضوع-مصطلح موضوعى
9 (RLIN) 21514
مصطلح موضوعي أو اسم جغرافي كعنصر مدخل السلالات البشرية.
مصدر الرأس أو المصطلح BUEsh
650 #7 - المدخل الاضافى بالموضوع-مصطلح موضوعى
9 (RLIN) 29684
مصطلح موضوعي أو اسم جغرافي كعنصر مدخل الأنثروبولوجيا.
مصدر الرأس أو المصطلح BUEsh
653 ## - مصطلح تكشيفى غير مقيد
Arrived date list April2012
655 ## - مصطلح تكشيفى-نوع/شكل
التقسيم الفرعي الشكلي Reading book
942 ## - عناصر المدخل الإضافي( كوها)
مصدر التصنيف او مخطط الترفيف Dewey Decimal Classification
Koha [default] item type Book - Borrowing
Holdings
حالة التراجع حالة الفقد مصدر التصنيف او خطة الترفيف حالة تلف ليس للاعارة مجموعات كوها المكان الدائم المكان الحالي موقع الترفيف تاريخ الاكتساب Source of acquisition رقم الاستدعاء الباركود Date last seen نوع الوعاء
    Dewey Decimal Classification     Alef-Baa Central Library Central Library First floor 18/08/2011   572 ع ر ق 000024106 15/07/2025 Book - Borrowing